The Video age : Television technology and applications in the 1980s.
Guardat en:
| Format: | Llibre |
|---|---|
| Idioma: | Undetermined |
| Publicat: |
White Plains, N.Y.
Knowledge Industry Publications
1982
|
| Matèries: | |
| Etiquetes: |
Afegir etiqueta
Sense etiquetes, Sigues el primer a etiquetar aquest registre!
|
| Thư viện lưu trữ: | Trung tâm Học liệu Trường Đại học Cần Thơ |
|---|
| LEADER | 00491nam a2200169Ia 4500 | ||
|---|---|---|---|
| 001 | CTU_97946 | ||
| 008 | 210402s9999 xx 000 0 und d | ||
| 082 | |a 621.388 | ||
| 082 | |b V652 | ||
| 245 | 4 | |a The Video age : | |
| 245 | 0 | |b Television technology and applications in the 1980s. | |
| 260 | |a White Plains, N.Y. | ||
| 260 | |b Knowledge Industry Publications | ||
| 260 | |c 1982 | ||
| 650 | |a Home video systems | ||
| 904 | |i Năm | ||
| 980 | |a Trung tâm Học liệu Trường Đại học Cần Thơ | ||